| 000 | 01053nam a2200229 i 4500 | ||
|---|---|---|---|
| 001 | 167630 | ||
| 003 | ES-MaACL | ||
| 005 | 20231221204420.0 | ||
| 008 | 931025s1844 sp |||| | spa d | ||
| 080 | _a33(460)"16/18" | ||
| 080 | _a33 Sagra, Ramón de la | ||
| 100 | 1 |
_aVilleneueve Bargemont, Alban de. _9133765 |
|
| 245 | 1 | 0 |
_aNoticia sobre el estado actual de la economía política en España y sobre los trabajos de D. Ramón de la Sagra / _cescrita en francés por el Vizconde Alban de Villeneueve Bargemont ; traducida al castellano con notas y observaciones. |
| 260 |
_aMadrid : _b[s.n.], _c1844 ( _fImp. del Colegio Nacional de Sordo-Mudos) |
||
| 300 |
_a38 p. ; _c21 cm. |
||
| 530 | _aDisponible en formato digital. | ||
| 600 | 1 | 4 |
_aLa Sagra, Ramón de, _d1798-1871 _9101445 |
| 650 | 4 |
_aEconomía- _zEspaña- _vHistoria. _912010 |
|
| 852 | 4 |
_aES-MaACL _jT-21-F-9 _z- Enc. hol. _z- Enc. en un vol. facticio |
|
| 856 | 4 |
_uhttp://bdh-rd.bne.es/viewer.vm?id=0000124790&page=1 _zBiblioteca Digital Hispánica |
|
| 999 |
_c167630 _d167630 |
||